Boletín de Análisis e Información: El Salvador/
Wedi'i Gadw mewn:
| Awdur Corfforaethol: | |
|---|---|
| Fformat: | Llyfr |
| Iaith: | Spanish |
| Cyhoeddwyd: |
San Salvador:
CINAS
|
| Pynciau: | |
| Tagiau: |
Ychwanegu Tag
Dim Tagiau, Byddwch y cyntaf i dagio'r cofnod hwn!
|
MARC
| LEADER | 00000nam a22000007a 4500 | ||
|---|---|---|---|
| 003 | cru CIDCACS/IIS | ||
| 005 | 20230926101436.0 | ||
| 007 | ta | ||
| 008 | 200513n es |||p|r||||||0| ||spa|d | ||
| 022 | |a 10197419 | ||
| 040 | |c cru CIDCACS/IIS | ||
| 090 | |a REV0083 | ||
| 110 | 2 | |a Centro de Investigación y Acción Social (CINAS) |9 9270 | |
| 245 | 1 | |a Boletín de Análisis e Información: |b El Salvador/ |c Centro de Investigación y Acción Social | |
| 260 | |a San Salvador: |b CINAS | ||
| 270 | |b San Salvador |d El Salvador |e Apdo. 3371, Centro de Gobierno San Salvador | ||
| 500 | |a EXISTENCIAS: 1985 (16-19) 1986 (20-21, 23-25) 1987 (26/27-28) 1988 (22) 1990 (1-5) 1991 (6-10) 1992-1993 (12-20) 1994 (24-25) 1995 (28) | ||
| 500 | |a Bimensual | ||
| 500 | |a Colección Centroamérica | ||
| 650 | 4 | |9 3217 |a PROBLEMAS POLITICOS | |
| 650 | 0 | |9 71 |a DESARROLLO ECONOMICO Y SOCIAL | |
| 650 | 0 | |9 411 |a DESARROLLO POLITICO | |
| 650 | 4 | |9 1934 |a MILITARISMO | |
| 650 | 0 | |9 2345 |a SEGURIDAD | |
| 651 | 4 | |9 1928 |a EL SALVADOR | |
| 942 | |2 ddc |c PP | ||
| 999 | |c 43133 |d 43133 | ||
